| 000 | 01485nam a22003617i 4500 | ||
|---|---|---|---|
| 003 | URS | ||
| 005 | 20220117120659.0 | ||
| 008 | 180522b xxu||||| |||| 00| 0 eng d | ||
| 020 | _a0443046913 | ||
| 040 |
_aDNLM/DLC _erda _cURS _dDLC _beng |
||
| 050 | 0 | 0 |
_aQM551 _b.W47 1993 |
| 060 | 0 | _aQS 517 B959f 1993 | |
| 100 | 1 | _aBurkitt, H. George. | |
| 245 | 1 | 0 |
_aWheater's functional histology / _ba text and colour atlas.- |
| 250 |
_aThird edition.- _bby H. George Burkitt, Barbara Young, John W. Heath ; drawings by Philip J. Deakin. |
||
| 264 | 1 |
_aEdinburgh ; _aNew York : _bChurchill Livingstone, _c[1993] |
|
| 264 | 4 | _c©1993 | |
| 300 |
_a407 pages : _billustrations (some col.) ; _c25 cm |
||
| 336 |
_atext _btxt _2rdacontent |
||
| 337 |
_aunmediated _bn _2rdamedia |
||
| 338 |
_avolume _bnc _2rdacarrier |
||
| 500 | _aRev. edition of: Functional histology. 2nd edition / revised and edited by Paul R. Wheater and H. George Burkitt ; drawings by Philip J. Deakinches 1987. | ||
| 500 | _aIncludes index. | ||
| 650 | 0 | _aHistology. | |
| 650 | 0 |
_aHistology _xAtlases. |
|
| 650 | 2 |
_aHistology _xatlases. |
|
| 700 | 1 |
_aYoung, Barbara, _cPh. D. |
|
| 700 | 1 |
_aHeath, John W., _cPh. D. |
|
| 700 | 1 |
_aWheater, Paul R. _tFunctional histology. |
|
| 906 |
_a7 _bcbc _corignew _d1 _eocip _f19 _gy-gencatlg |
||
| 942 |
_2lcc _cFR |
||
| 999 |
_c5198 _d5198 |
||